| 000 | 01305nam a2200265Ia 4500 | ||
|---|---|---|---|
| 008 | 130821s1996 xxua gr eng | ||
| 020 | _a9780803970526 | ||
| 020 | _a9780803970533 | ||
| 040 |
_aCo-BoUCM _bspa |
||
| 041 | 0 | 0 | _aeng |
| 100 | 1 |
_aCoffey, Amanda _d1967- _9127233 |
|
| 245 | 1 | 0 |
_aMaking sense of qualitative data complementary research strategies _cAmanda Coffey, Paul Atkinson |
| 260 |
_aThousand Oaks (California, Estados Unidos) _bSage Publications _c1996 |
||
| 300 |
_ax, 206 páginas _bilustraciones |
||
| 504 | _aIncluye referencias bibliográficas e índice. | ||
| 505 | 0 |
_tVarieties of data and varieties of analysis -- _tConcepts and coding -- _tNarratives and stories -- _tMeanings and metaphors -- _tWriting and representation -- _tBeyond the data -- _tComplementary strategies of computer- _taided analysis -- _tCoda. |
|
| 650 | 0 | 4 |
_aCiencias sociales _xInvestigaciones _933592 |
| 650 | 0 | 4 |
_aCiencias sociales _xProcesamiento de datos _935245 |
| 650 | 0 | 4 |
_aInvestigación cualitativa _917981 |
| 650 | 0 | 4 |
_aSociología _9386 |
| 700 | 1 |
_aAtkinson, Paul _9161901 |
|
| 856 | 4 | 1 |
_zConsulte la tabla de contenido haciendo clic aquí _uhttp://www.loc.gov/catdir/enhancements/fy0655/95041813-t.html |
| 942 |
_cLIBRO _a5 _e1 _mC674m _2DEWEY _h300.723 |
||
| 999 |
_c70038 _d70038 |
||